[Event "2nd Golders Green U1900 Apr 2014"]
[Site "Golders Green"]
[Date "2014.04.21"]
[Round "5"]
[White "Karel, Ayse"]
[Black "Willmoth, Harrison"]
[Result "1-0"]
[WhiteElo "1600"]
[BlackElo "1623"]
[EventType "swiss"]
[EventRounds "6"]

1. d4 d6 2. e4 Nf6 3. Bd3 c6 4. c3 e5 5. Bg5 Be7 6. dxe5 dxe5 7. Bxf6 Bxf6 8.
Qe2 O-O 9. Nd2 Nd7 10. Ngf3 Nc5 11. Bc2 Bg4 12. O-O-O Qc7 13. h3 Bxf3 14. gxf3
g6 15. h4 h5 16. Rdg1 Kh7 17. f4 exf4 18. Nc4 Rfe8 19. e5 Kh8 20. Qxh5+ gxh5
21. exf6 Ne6 22. Rg5 Nxg5 23. hxg5 Red8 24. Rxh5+ Kg8 25. Rh7 f3 26. Rg7+ Kf8
27. Bh7 Ke8 28. Rg8+ Kd7 29. Bf5# 1-0

[Event "2nd Golders Green U1900 Apr 2014"]
[Site "Golders Green"]
[Date "2014.04.21"]
[Round "5"]
[White "Baroukh, Leon"]
[Black "Hirjee, Shezan"]
[Result "1-0"]
[WhiteElo "1644"]
[BlackElo "1540"]
[EventType "swiss"]
[EventRounds "6"]

1. d4 Nf6 2. Nc3 g6 3. Nf3 Bg7 4. e4 d6 5. h3 O-O 6. Bc4 c5 7. dxc5 Qa5 8. O-O
Qxc5 9. Qd3 a6 10. Be3 Qc7 11. Bd4 Nc6 12. Nd5 Nxd5 13. Bxg7 Ncb4 14. Qb3 Kxg7
15. exd5 a5 16. Rfe1 b6 17. a3 Na6 18. Nd4 Re8 19. Qc3 Kg8 20. b4 Nb8 21. b5
e5 22. dxe6 Bxe6 23. Nxe6 Rxe6 24. Rxe6 Nd7 25. Rxg6+ hxg6 26. Bxf7+ {#r} 1-0

[Event "2nd Golders Green U1900 Apr 2014"]
[Site "Golders Green"]
[Date "2014.04.21"]
[Round "6"]
[White "Parry, Jacques"]
[Black "McCabe, Shane"]
[Result "1/2-1/2"]
[WhiteElo "1759"]
[BlackElo "1898"]
[EventType "swiss"]
[EventRounds "6"]

1. d4 d5 2. c4 e6 3. Nc3 Nf6 4. cxd5 exd5 5. Bg5 Be7 6. e3 c6 7. Bd3 Nbd7 8.
Qc2 h6 9. Bh4 Qa5 10. Nge2 a6 11. O-O O-O 12. a3 Qc7 13. b4 Bd6 14. Bg3 Nh5
15. Nxd5 Qb8 16. Ne7+ Kh8 17. Bxd6 Qxd6 18. Nf5 Qe6 19. Nfg3 Nxg3 20. Nxg3 Nf6
21. Bf5 Qd6 22. Qc5 Qd8 23. Bxc8 Rxc8 24. Qc2 Re8 25. Ne2 Qe7 26. Nf4 Rcd8 27.
Nd3 Ng4 28. Rae1 Qd6 29. g3 Qg6 30. h3 Ne5 31. dxe5 Qxd3 32. Qxd3 Rxd3 33. Ra1
{#d} 1/2-1/2

[Event "2nd Golders Green U1900 Apr 2014"]
[Site "Golders Green"]
[Date "2014.04.21"]
[Round "6"]
[White "Rocco, Federico"]
[Black "Healeas, Simon"]
[Result "0-1"]
[WhiteElo "1750"]
[BlackElo "1814"]
[EventType "swiss"]
[EventRounds "6"]

1. e4 e5 2. Nc3 Nf6 3. g3 d5 4. exd5 Nxd5 5. Qf3 Nxc3 6. dxc3 Be7 7. Bg2 O-O
8. Ne2 c6 9. O-O Qb6 10. c4 Nd7 11. b3 Nf6 12. Nc3 Bg4 13. Qe3 Bc5 14. Qe1 Qc7
15. Bg5 Bd4 16. Bxf6 gxf6 17. Ne4 Bxa1 18. Nxf6+ Kg7 19. Nxg4 Bd4 20. c3 Bb6
21. Qd2 f5 22. Qg5+ Kh8 23. Nh6 Qg7 24. Qh5 Qg6 25. Qxg6 hxg6 26. g4 Kg7 27.
g5 Rad8 28. h4 Rd2 29. Bh3 Rd3 30. Kg2 Rxc3 31. Re1 Bd4 32. f4 Rc2+ 33. Kh1 e4
34. h5 Rxa2 35. hxg6 Kxg6 36. Rd1 Ra1 37. Rxa1 Bxa1 38. Kg2 Bc3 39. Kf2 c5 40.
Ke3 b6 41. Ke2 a6 42. Ke3 Bd4+ 43. Kd2 b5 44. Bf1 b4 45. Bh3 a5 46. Ke2 Bg7
47. Nxf5 Rxf5 48. Bxf5+ Kxf5 49. Ke3 Bd4+ 50. Ke2 Kxf4 51. g6 Bg7 {#R} 0-1

[Event "2nd Golders Green U1900 Apr 2014"]
[Site "Golders Green"]
[Date "2014.04.21"]
[Round "6"]
[White "Balouka Myers, Gabriel"]
[Black "Clegg, Chris RA"]
[Result "1/2-1/2"]
[WhiteElo "1572"]
[BlackElo "1799"]
[EventType "swiss"]
[EventRounds "6"]

1. d4 e6 2. e4 d5 3. exd5 exd5 4. Bd3 Bd6 5. Nf3 Nf6 6. O-O O-O 7. Bg5 Bg4 8.
Nbd2 Nbd7 9. c3 c6 10. Qc2 Qc7 11. Rfe1 Rfe8 12. Bh4 Rxe1+ 13. Rxe1 h6 14. Bg3
Bxg3 15. hxg3 Re8 16. Rxe8+ Nxe8 17. Bf5 Nef6 18. Bxg4 Nxg4 19. Qf5 Ndf6 20.
Ne5 Nxe5 21. Qxe5 Qxe5 22. dxe5 Nd7 23. f4 Kf8 24. Kf2 Ke7 25. Nb3 f6 26.
exf6+ Nxf6 27. Nd4 Ne4+ 28. Kf3 Kf6 29. g4 g6 30. f5 gxf5 31. Nxf5 Kg5 32. Ne3
Nd2+ 33. Ke2 Nc4 34. Nxc4 dxc4 35. Kf3 c5 36. a4 b6 37. Kg3 a6 38. Kf3 Kf6
{#d} 1/2-1/2

[Event "2nd Golders Green U1900 Apr 2014"]
[Site "Golders Green"]
[Date "2014.04.21"]
[Round "6"]
[White "Kazmierczak, Milosz"]
[Black "Davies, Cledwyn"]
[Result "1-0"]
[WhiteElo "1790"]
[BlackElo "1728"]
[EventType "swiss"]
[EventRounds "6"]

1. d4 Nf6 2. Nf3 d5 3. c4 e6 4. Nc3 b6 5. Bg5 Be7 6. e3 Bb7 7. Rc1 Nbd7 8. Bd3
O-O 9. O-O Rc8 10. cxd5 exd5 11. Bf5 Ne4 12. Bxe7 Qxe7 13. Ne5 Nxe5 14. Bxc8
Rxc8 15. dxe5 Qxe5 16. Nxe4 Qxe4 17. Qd2 d4 18. f3 dxe3 19. Qd7 Qe5 20. Rc2 e2
21. Re1 Qe3+ 22. Kh1 Qe6 23. Rxc7 Qxd7 24. Rxd7 Ba6 25. Rxa7 Bd3 26. Rd7 Ba6
27. Rd6 Bc4 28. b3 Bb5 29. Rxb6 Bd3 30. a4 g6 31. Kg1 Rc2 32. Rd6 Rc3 33. b4
Ra3 34. b5 Bc4 35. b6 Rb3 36. a5 Kg7 37. Rc6 Bb5 38. Rd6 Ba6 39. b7 Bxb7 40.
Rb6 Rxb6 41. axb6 Ba6 42. Rxe2 {#r} 1-0

[Event "2nd Golders Green U1900 Apr 2014"]
[Site "Golders Green"]
[Date "2014.04.21"]
[Round "6"]
[White "Sloan, Cecil"]
[Black "Hewitt, Robert"]
[Result "1/2-1/2"]
[WhiteElo "1691"]
[BlackElo "1765"]
[EventType "swiss"]
[EventRounds "6"]

1. e4 d5 2. exd5 Nf6 3. d4 Nxd5 4. Nf3 g6 5. Be2 Bg7 6. O-O O-O 7. Nbd2 Bf5 8.
c3 Nc6 9. Nc4 a6 10. Nce5 Nxe5 11. Nxe5 b5 12. Bf3 Rc8 13. Nc6 Qd6 14. Bxd5
Bd7 15. Bxf7+ Rxf7 16. Ne5 Bxe5 17. dxe5 Qe6 18. Be3 Bc6 19. Qd4 Rf5 20. Rad1
Rxe5 21. Bh6 Qf6 22. Be3 Rh5 {#d} 1/2-1/2

[Event "2nd Golders Green U1900 Apr 2014"]
[Site "Golders Green"]
[Date "2014.04.21"]
[Round "6"]
[White "Rogal, Christopher"]
[Black "Finnegan, Oliver"]
[Result "0-1"]
[WhiteElo "1704"]
[BlackElo "1818"]
[EventType "swiss"]
[EventRounds "6"]

1. d4 Nf6 2. Bg5 c5 3. d5 Qb6 4. Nc3 Qxb2 5. Bd2 Qb6 6. e4 d6 7. f4 Bg4 8. Be2
Bxe2 9. Qxe2 a6 10. Nf3 g6 11. e5 Ng8 12. Rb1 Qc7 13. exd6 Qxd6 14. Rxb7 Nf6
15. Ne4 Nxe4 16. Qxe4 Bg7 17. O-O Nd7 18. Re1 Bf6 19. g4 O-O 20. Ba5 c4 21.
Qxc4 Qa3 22. Rxd7 Qxf3 23. g5 Qg4+ 24. Kh1 Bxg5 25. Rc7 Qf3+ 26. Kg1 Bh4 27.
Rf1 Qg4+ 28. Kh1 Qh3 29. Qe2 Qa3 30. Qd2 Qxa2 31. Bc3 Rfd8 32. Rc5 Rab8 33.
Ra1 Rb1+ 34. Rxb1 Qxb1+ 35. Kg2 Qb7 36. Ba5 Rb8 37. c4 Qd7 38. Qe2 Bf6 39. Qf3
Rb2+ 40. Kf1 Bd4 41. Rc7 Qa4 42. Rc8+ Kg7 43. Be1 Qa1 44. Qe4 Rf2+ 45. Kg1
Rxf4+ {#R} 0-1

[Event "2nd Golders Green U1900 Apr 2014"]
[Site "Golders Green"]
[Date "2014.04.21"]
[Round "6"]
[White "Smith, Gary P"]
[Black "Carter, John"]
[Result "0-1"]
[WhiteElo "1690"]
[BlackElo "1755"]
[EventType "swiss"]
[EventRounds "6"]

1. e4 e6 2. d4 d5 3. Nd2 c5 4. exd5 Qxd5 5. Ngf3 cxd4 6. Bc4 Qd6 7. O-O Nc6 8.
Ne4 Qd8 9. Bf4 Nf6 10. Qe2 Be7 11. Rad1 O-O 12. c3 Nd5 13. Bxd5 Qxd5 14. Nxd4
Nxd4 15. Rxd4 Qxa2 16. Rfd1 b6 17. Qc2 Qa5 18. R1d3 Qf5 19. Rh3 h6 20. Qd2 e5
21. Bxh6 exd4 22. Bxg7 Bg5 23. Bxd4 f6 24. Qe2 Qg6 25. Qc4+ Qf7 26. Nxf6+ Bxf6
27. Rg3+ Kh8 28. Qc6 Be6 29. Qf3 Bxd4 {#R} 0-1

[Event "2nd Golders Green U1900 Apr 2014"]
[Site "Golders Green"]
[Date "2014.04.21"]
[Round "6"]
[White "Joslin, Tim"]
[Black "Mitchell, Robert"]
[Result "1-0"]
[WhiteElo "1835"]
[BlackElo "1640"]
[EventType "swiss"]
[EventRounds "6"]

1. e4 d6 2. d4 Nf6 3. f3 c6 4. Be3 g6 5. Qd2 Bg7 6. Bh6 O-O 7. Nc3 e5 8. Bxg7
Kxg7 9. O-O-O Qc7 10. g4 Nbd7 11. h4 Rh8 12. h5 Nf8 13. Nge2 Ne6 14. d5 cxd5
15. exd5 Nf8 16. Ng3 Bd7 17. Bd3 Be8 18. Qg5 Bd7 19. h6+ {#r} 1-0

[Event "2nd Golders Green U1900 Apr 2014"]
[Site "Golders Green"]
[Date "2014.04.21"]
[Round "6"]
[White "Pollack, Oscar"]
[Black "Onslow, Alfie"]
[Result "0-1"]
[WhiteElo "1675"]
[BlackElo "1638"]
[EventType "swiss"]
[EventRounds "6"]

1. Nf3 d5 2. g3 Nf6 3. Bg2 e6 4. c4 Be7 5. O-O O-O 6. b3 c5 7. cxd5 exd5 8. d4
Nc6 9. Bb2 h6 10. e3 Be6 11. Nc3 cxd4 12. Nxd4 Nxd4 13. Qxd4 Qd7 14. Rfd1 Rfd8
15. Rac1 Rac8 16. Na4 b6 17. Rxc8 Rxc8 18. Rc1 Rxc1+ 19. Bxc1 Ne4 20. Bxe4
dxe4 21. Qxd7 Bxd7 22. Nc3 f5 23. g4 Bf6 24. gxf5 Bxc3 25. Kg2 b5 26. Kg3 Bxf5
27. Kf4 Bh7 28. h4 Kf7 29. Ba3 b4 30. Bc1 Kf6 31. Kg3 Kf5 32. f3 Be1+ 33. Kg2
Bxh4 34. Bb2 Bf6 35. Bc1 g5 36. Kg3 Bg8 37. Kf2 Bd5 38. fxe4+ Kxe4 39. Ke2 h5
40. Kf2 Kd3 41. Kg3 Kc2 42. e4 Kxc1 43. exd5 Kb2 44. Kf3 Kxa2 45. Ke4 Kxb3 46.
Kf5 Bd8 47. Ke6 Kc2 48. Kd7 Ba5 49. Ke7 b3 50. d6 b2 51. d7 b1=Q 52. d8=Q {#R}
0-1

[Event "2nd Golders Green U1900 Apr 2014"]
[Site "Golders Green"]
[Date "2014.04.21"]
[Round "6"]
[White "Bynnersley, Tony"]
[Black "Karia, Rishul"]
[Result "1-0"]
[WhiteElo "1549"]
[BlackElo "1660"]
[EventType "swiss"]
[EventRounds "6"]

1. d4 Nf6 2. c4 g6 3. Nc3 Bg7 4. e4 d6 5. f3 Nbd7 6. Be3 e5 7. d5 O-O 8. Bd3
Nb6 9. a4 Ne8 10. a5 Nd7 11. b4 f5 12. Nge2 f4 13. Bf2 Qg5 14. Rg1 Qe7 15. Nb5
a6 16. Na7 Nef6 17. Nxc8 Raxc8 18. Nc3 g5 19. Na4 Rfe8 20. Rc1 h5 21. h3 Bh6
22. Rc2 Qg7 23. c5 g4 24. Rh1 g3 25. Bg1 Ra8 26. cxd6 cxd6 27. Bb6 Qf8 28. Rc7
Nxb6 29. Nxb6 Rab8 30. Ke2 Re7 31. Qc2 Qd8 32. Rc1 Nd7 33. Rc8 Rxc8 34. Qxc8
Qxc8 35. Nxc8 Rh7 36. Nxd6 Bf8 37. Rc8 Kg7 38. Nf5+ Kf6 39. d6 Ke6 40. Bc4+
Kf6 41. Re8 h4 42. Re6+ Kg5 43. Re8 Kf6 44. Bd5 b6 45. Bc6 bxa5 46. bxa5 Bxd6
47. Nxd6 Nc5 48. Nc4 Ne6 49. Bd5 Nd4+ 50. Kd3 Rc7 51. Ra8 Nb3 52. Rxa6+ Kg7
53. Rc6 Rb7 54. Rb6 Nc5+ 55. Ke2 Rc7 56. Nxe5 Nb3 57. Bxb3 Rc5 58. Nc4 {#r}
1-0

[Event "2nd Golders Green U1900 Apr 2014"]
[Site "Golders Green"]
[Date "2014.04.21"]
[Round "6"]
[White "Chauhan, Pranay"]
[Black "Lim, Peter Yu Chin"]
[Result "1-0"]
[WhiteElo "1503"]
[BlackElo "1651"]
[EventType "swiss"]
[EventRounds "6"]

1. d4 d5 2. e4 dxe4 3. Nc3 Nf6 4. f3 exf3 5. Nxf3 Bg4 6. h3 Bh5 7. Be3 e6 8.
Bd3 Bd6 9. O-O O-O 10. Qe1 Nbd7 11. Bg5 c6 12. Ne5 Qc7 13. Bxf6 Nxf6 14. Qg3
Nd7 15. Ne4 Nxe5 16. Nf6+ Kh8 17. Nxh5 Ng6 18. Qf2 Qa5 19. Ng3 Bxg3 20. Qxg3
Qb6 21. Qe3 Rad8 22. Bxg6 hxg6 23. c3 Rd5 24. Qd2 Qc7 25. Rae1 e5 26. Qf2 exd4
27. Qh4+ Kg8 28. cxd4 Rfd8 29. Re7 R5d7 30. Rfxf7 Rxe7 31. Qxe7 Qxe7 32. Rxe7
b6 33. Rxa7 Rxd4 34. Rc7 c5 35. Rc6 Rb4 36. b3 Kh7 37. Kf2 Kh6 38. Ke3 Kg5 39.
g3 Kf5 40. Kd3 g5 41. Kc3 g6 42. a3 Re4 43. Kd3 Rd4+ 44. Ke3 Re4+ 45. Kf3 Rd4
46. Rxb6 Rd3+ 47. Kf2 Rd2+ 48. Ke3 Rc2 49. g4+ Ke5 50. Rxg6 Rc3+ 51. Kd2 Rxb3
52. Rxg5+ Kd4 53. h4 Rxa3 54. h5 Ra2+ 55. Kc1 c4 56. h6 Kc3 57. Kb1 Rb2+ 58.
Kc1 Rh2 59. Rh5 Rg2 60. Rh3+ Kd4 61. h7 Rg1+ 62. Kc2 Rg2+ 63. Kb1 Rg1+ 64. Ka2
Rg2+ 65. Ka3 {#r} 1-0

[Event "2nd Golders Green U1900 Apr 2014"]
[Site "Golders Green"]
[Date "2014.04.21"]
[Round "6"]
[White "Selvarattinam, Gengadharan"]
[Black "O'Caolaidhe, Cormac"]
[Result "0-1"]
[WhiteElo "1761"]
[BlackElo "1555"]
[EventType "swiss"]
[EventRounds "6"]

1. e4 e5 2. Nf3 Nc6 3. d4 exd4 4. Nxd4 Bc5 5. Nf5 Qf6 6. Qd5 Bb6 7. Nc3 Nge7
8. Qd2 Nxf5 9. exf5 Qxf5 10. Bd3 Qe6+ 11. Ne2 Nd4 12. O-O Nxe2+ 13. Bxe2 O-O
14. Bf3 c6 15. Re1 Qf6 16. Rb1 d5 17. b4 Bd4 18. Rb3 Bd7 19. Rd3 Rfe8 20.
Rxe8+ Rxe8 21. Kf1 Bb6 22. a4 Bc7 23. c4 Bf5 24. Re3 Rxe3 25. Qxe3 Qe6 26.
cxd5 Qxe3 27. Bxe3 cxd5 28. Bxd5 b6 29. Ke2 Kf8 30. Kd2 Ke7 31. Kc3 h6 32. Kc4
Bd7 33. b5 g5 34. h4 f6 35. hxg5 hxg5 36. g3 Be6 37. f4 g4 38. Kd4 f5 39. Bd2
Bd6 40. Kc4 Bc8 41. Bc3 a6 42. Bd4 axb5+ 43. Kxb5 Ba3 44. Bf2 Kd6 45. Bc6 Bc5
46. Be1 Be3 47. Bc3 Bf2 48. Be5+ Ke6 49. Bc7 Bxg3 50. Kxb6 Bf2+ 51. Kb5 Bd7
52. Bd8 Be3 53. a5 g3 54. Bb6 Bxc6+ 55. Kxc6 Bxb6 56. axb6 g2 57. b7 g1=Q 58.
b8=Q Qc1+ 59. Kb7 Qb2+ 60. Kc7 Qxb8+ 61. Kxb8 Kd5 62. Kc7 Ke4 63. Kd6 Kxf4 64.
Kd5 Ke3 65. Ke5 f4 {#R} 0-1

[Event "2nd Golders Green U1900 Apr 2014"]
[Site "Golders Green"]
[Date "2014.04.21"]
[Round "6"]
[White "Ogah, Adah Simon"]
[Black "Karia, Kamlesh"]
[Result "1-0"]
[WhiteElo "1200"]
[BlackElo "1563"]
[EventType "swiss"]
[EventRounds "6"]

1. e4 e5 2. Nf3 Nc6 3. Bc4 Nf6 4. Ng5 d5 5. exd5 Na5 6. Bb5+ c6 7. dxc6 bxc6
8. Ba4 Qc7 9. O-O Bd6 10. Nc3 h6 11. Nge4 Bd7 12. Nxd6+ Qxd6 13. Re1 O-O 14.
d3 Nb7 15. Qf3 Rfe8 16. Ne4 Nxe4 17. dxe4 Qg6 18. c3 Nc5 19. Bc2 Bg4 20. Qg3
Rad8 21. Be3 Ne6 22. f3 Ng5 23. Bxg5 Qxg5 24. fxg4 Rd2 25. Bb3 Rxb2 26. Qf3
Rf8 27. Rad1 Qe7 28. h3 Qc5+ 29. Kh2 Qe7 30. Re2 Rxe2 31. Qxe2 Kh8 32. Rf1 f6
33. Qf3 a5 34. Qf5 Rd8 35. Rd1 Rxd1 36. Bxd1 Qa7 37. Qc8+ Kh7 38. Qxc6 Qe3 39.
Qc4 Qf4+ 40. Kh1 Qd2 41. Qf1 Qxa2 42. c4 Qb1 43. c5 Qxe4 44. Qf5+ Qxf5 45.
gxf5 a4 46. Bxa4 e4 47. Kg1 e3 48. Kf1 {#r} 1-0

[Event "2nd Golders Green U1900 Apr 2014"]
[Site "Golders Green"]
[Date "2014.04.21"]
[Round "6"]
[White "Balouka Myers, Reuben"]
[Black "Onslow, Teddy"]
[Result "1-0"]
[WhiteElo "1534"]
[BlackElo "1248"]
[EventType "swiss"]
[EventRounds "6"]

1. e4 e5 2. Nf3 Nc6 3. Bb5 Nge7 4. O-O g6 5. d3 Bg7 6. Bg5 O-O 7. Nc3 d6 8.
Nd5 f5 9. Bxc6 bxc6 10. Nxe7+ Kh8 11. Nxg6+ {#r} 1-0

[Event "2nd Golders Green U1900 Apr 2014"]
[Site "Golders Green"]
[Date "2014.04.21"]
[Round "6"]
[White "Gladstone, Joel"]
[Black "Baroukh, Leon"]
[Result "0-1"]
[WhiteElo "1450"]
[BlackElo "1644"]
[EventType "swiss"]
[EventRounds "6"]

1. d4 d5 2. c4 c6 3. Nf3 Nf6 4. Nc3 Bf5 5. Nh4 Bg4 6. h3 Bh5 7. g4 Bg6 8. Nxg6
hxg6 9. cxd5 Nxg4 10. Bg2 Nf6 11. e4 cxd5 12. e5 Ne4 13. Nxe4 dxe4 14. Qa4+
Qd7 15. Qxd7+ Nxd7 16. Bxe4 O-O-O 17. Be3 e6 18. Ke2 Kb8 19. Rac1 Nb6 20. Bg2
Nd5 21. Rc4 Be7 22. a3 Rh4 23. Rhc1 Nf4+ 24. Bxf4 Rxf4 25. Bxb7 Rfxd4 26. Rxd4
Rxd4 27. Ba6 Rd8 28. Rc3 Re8 29. Rb3+ Kc7 30. Rb7+ Kc6 31. Rxa7 Kb6 32. Rd7
Kxa6 33. b4 Kb5 34. Rb7+ Kc6 35. Ra7 Kd5 36. f4 f6 37. b5 Ke4 38. a4 Kxf4 39.
b6 Kxe5 40. b7 Rb8 41. Ra5+ Kd6 42. Ra6+ Kd7 43. Rb6 Bd8 44. Rb3 Kc6 {#R} 0-1

[Event "2nd Golders Green U1900 Apr 2014"]
[Site "Golders Green"]
[Date "2014.04.21"]
[Round "6"]
[White "Ritchie, Paul"]
[Black "Willmoth, Harrison"]
[Result "1-0"]
[WhiteElo "1570"]
[BlackElo "1623"]
[EventType "swiss"]
[EventRounds "6"]

1. e4 d6 2. d4 Nf6 3. Nc3 c6 4. f4 Qa5 5. Bd3 e5 6. Nf3 Bg4 7. dxe5 dxe5 8.
fxe5 Nfd7 9. Bf4 Nxe5 10. Bxe5 Bxf3 11. Qxf3 Qxe5 12. O-O f6 13. Rad1 Bc5+ 14.
Kh1 O-O 15. Qh3 Kh8 16. Rf5 Qe7 17. e5 Nd7 18. Rh5 h6 19. Qf5 Kg8 20. Qh7+ Kf7
21. Bg6+ Ke6 22. Bf5+ Kxe5 23. Re1+ {#r} 1-0